000 00666nam a2200217Ia 4500
003 GCL
008 140319s9999 xx 000 0 ara d
020 _a9016619973
040 _aGCL /
_cGCL
082 0 4 _a301.412
_bق ت
100 1 _aقاسم امين
245 1 0 _aتحرير المرأة /
_cقاسم امين
260 _aتونس :
_bدار المعارف للطباعة والنشر ،
_c1990
300 _a196 ص ؛
_c17 سم
650 0 4 _aالمرأة فى الحياة العامة
650 0 4 _aتحرير المراة
650 0 4 _aحقوق المرأة
650 0 4 _aالمساواة
650 0 4 _aتعليم النساء
942 _2ddc
_cBK
999 _c39140
_d39140